000 00681nam a2200229 a 4500
001 BRCA_5913
005 20190320205248.0
008 180311s1839----fr-a######---#000-0#fre-#
041 _afre
044 _afr
050 4 _aNK7104
_b.L33 1839
100 1 _aLacheze Degeneste, M.
_914947
245 1 0 _aNouveau manuel simplifie de la garantie des matieres et ouvrages d´or et d´argent
_cM. Lacheze Degeneste.
260 _aParís
_bLibrairie Encyclopedique de Roret
_c1839
300 _a134 p.
_bil., 4 láminas
_c14 cm.
440 0 _aEncyclopedie Roret
_914948
500 _aG63
650 1 4 _aPlatería
_92745
650 1 4 _aOrfebrería
_97836
902 _aGFM
942 _2lcc
_cB
999 _c5602
_d5602